000 00729nam a22002297a 4500
003 UA-OsUOA
001 16866
007 ta
008 20031030b un ||||| |||| 00| 0 ukr d
090 _bЗ-11
942 _cBK
040 _aUA-OsUOA
_bukr
_cUA-OsUOA
_dUA-OsUOA
245 _aЗ нами Бог
_bРоздуми на апостольські та євангельські читання щонеділі впродовж церковного року
_cУклав отець Йонатан
300 _a256 с.
955 _a0
041 _aukr
020 _a966-8466-01-2
591 _a86.376
260 _aРівне
_bЖиве слово
_c2003
044 _aUA
650 7 _aЄвангельські читання
_2UDC
999 _c303033
_d303033